|
|
|
|
| LEADER |
00000cam a2200000 7i4500 |
| 001 |
0000017012 |
| 005 |
20240918.0 |
| 008 |
240606 my eng |
| 040 |
|
|
|a INS
|b eng
|e rda
|
| 090 |
0 |
0 |
|a RQ145
|b .M35 2004
|
| 110 |
1 |
|
|a Malaysian Science And Technology Information Centre (MASTIC)
|
| 245 |
1 |
0 |
|a Directory for S & T expert 2005/2006
|c Malaysian Science and Technology Information Centre (MASTIC)
|
| 264 |
|
1 |
|a Putrajaya :
|b Ministry of Science, Technology and Innovation
|c 2004
|
| 300 |
|
|
|a 1 v. (various pagings) ;
|c 21 cm.
|
| 336 |
|
|
|a text
|2 rdacontent
|
| 337 |
|
|
|a unmediated
|2 rdamedia
|
| 338 |
|
|
|a volume
|2 rdacarrier
|
| 650 |
|
0 |
|a Science
|
| 999 |
|
|
|a 0000016131
|b BOOK
|c Red Spot
|e Default branch
|